000 00645nam a2200241Ia 4500
003 OSt
005 20220918202740.0
006 a|||||r|||| 00| 0
007 ta
008 220917b |||||||| |||| 00| 0 eng d
024 _a103,522
037 _cTextual
040 _aARTS
_cARTS
_beng
041 _2eng
_aeng
082 _aV2,8.N, M3
100 _aJain R B
245 0 _aPublic services in a democratic context
260 _aNew Delhi
_bIndian Institute of Public Administration India
_c1983
300 _axi, 339p.
_ccm.
650 _aHISTORY
942 _hV2,8.N, M3
_cTEXL
_2CC
999 _c226923
_d226923